Noc v Mariboru
| Titel: | Noc v Mariboru / Martin Rychlík, Martin Kovář |
|---|---|
| Verfasser: | ; |
| Ausgabe: | Vydání první |
| Veröffentlicht: | Praha : Vyšehrad, 2015 |
| Umfang: | 235 Seiten, 20 ungezählte Seiten Bildtafeln : Illustrationen |
| Format: | Buch |
| Sprache: | Tschechisch |
| ISBN: | 8074295311 ; 9788074295317 |
| Hinweise zum Inhalt: |
Inhaltsverzeichnis
|
alg: 37118790 001A $03004:26-02-16 001B $01999:09-06-23 $t22:52:29.000 001C $03004:28-11-16 $t10:52:12.000 001D $03004:28-11-16 001U $0utf8 001X $00 002@ $0Aau 002C $aText $btxt $2rdacontent 002D $aohne Hilfsmittel zu benutzen $bn $2rdamedia 002E $aBand $bnc $2rdacarrier 003@ $0371187907 004A $080-7429-531-1 004A $A978-80-7429-531-7 006L $0BV043009567 $2BVB 007A $0BV043009567 $aBVB 007G $0DE0205CB4A8FE694C5099C125807B004A6E28 009P $qapplication/pdf $A2 $3Inhaltsverzeichnis $uhttp://scans.hebis.de/HEBCGI/show.pl?37118790_toc.pdf $mV:DE-603;B:DE-Mb50 010@ $acze 010E $erda 011@ $a2015 $n2015 021A $aNoc v Mariboru $hMartin Rychlík, Martin Kovář 028A $BVerfasser $4aut $71078909660 $8Rychlík, Martin$Z1977- [Tp3] $9366512455 028C $BVerfasser $4aut $71078909776 $8Kovář, Martin$Z1965- [Tp3] $9366512390 032@ $aVydání první 033A $pPraha $nVyšehrad 034D $a235 Seiten, 20 ungezählte Seiten Bildtafeln 034M $aIllustrationen 045F $a900.94371 $eDDC23BSB 045F/01 $a900 045F/03 $g4371 045G $a901.094371 $eDDC23BSB 045G/01 $a901 045G/03 $g4371 lok: 37118790 24 101B $028-11-16 $t10:29:23.000 101C $028-11-16 101U $0utf8 145Z/01 $a23 5 Fa 145Z/02 $a23 5 A exp: 37118790 24 1 #EPN 201B/01 $028-11-16 $t10:29:43.000 201C/01 $026-02-16 201U/01 $0utf8 203@/01 $0768881684 208@/01 $a28-11-16 $bz 209A/01 $a16.03238 $du $f050 $h16 03238 $x00 209C/01 $a16.03238 K $h16 03238 K 209G/01 $a73606411 $x00 220C/01 $akon 244Z/01 $71078909776 $8--Tp3--Kovář, Martin$Z1965- $x01 $9366512390 247C/01 $8358050-7Marburg, Bibliothek des Herder-Instituts Marburg $9102600961
| LEADER | 00000cam a2200000 c 4500 | ||
|---|---|---|---|
| 001 | 371187907 | ||
| 003 | DE-603 | ||
| 005 | 20230609225229.0 | ||
| 007 | tu | ||
| 008 | 160226s2015 xx |||| | u00||u|cze c | ||
| 020 | |a 8074295311 | ||
| 020 | |a 9788074295317 | ||
| 035 | |a (DE-599)BVBBV043009567 | ||
| 035 | |a (DE-604)BV043009567 | ||
| 040 | |a DE-603 |b ger |c DE-603 |d DE-603 |e rda | ||
| 041 | |a cze | ||
| 082 | 0 | 4 | |8 1\u |a 900.94371 |q DE-101 |2 23/BSB |
| 083 | 0 | |8 2\u |a 901.094371 |q DE-101 |2 23/BSB | |
| 085 | |8 1\u |b 900 | ||
| 085 | |8 1\u |z 2 |s 4371 | ||
| 085 | |8 2\u |b 901 | ||
| 085 | |8 2\u |z 2 |s 4371 | ||
| 100 | 1 | |a Rychlík, Martin |d 1977- |e Verfasser |4 aut |0 (DE-603)366512455 |0 (DE-588)1078909660 |2 gnd | |
| 245 | 0 | 0 | |a Noc v Mariboru |c Martin Rychlík, Martin Kovář |
| 250 | |a Vydání první | ||
| 264 | 1 | |a Praha |b Vyšehrad |c 2015 | |
| 300 | |a 235 Seiten, 20 ungezählte Seiten Bildtafeln |b Illustrationen | ||
| 336 | |a Text |b txt |2 rdacontent | ||
| 337 | |a ohne Hilfsmittel zu benutzen |b n |2 rdamedia | ||
| 338 | |a Band |b nc |2 rdacarrier | ||
| 700 | 1 | |a Kovář, Martin |d 1965- |e Verfasser |4 aut |0 (DE-603)366512390 |0 (DE-588)1078909776 |2 gnd | |
| 856 | 4 | 2 | |m V:DE-603;B:DE-Mb50 |q application/pdf |u http://scans.hebis.de/HEBCGI/show.pl?37118790_toc.pdf |3 Inhaltsverzeichnis |
| 924 | 0 | |9 Mb 50 |a (DE-603)768881684 |b DE-Mb50 |c HES |d c |g 16.03238 | |


